[Event "Olimpiade 2014 - Open"]
[Site "Tromsø"]
[Date "08.08.2014"]
[Round "6.71"]
[Board "4"]
[White "Lemon, Eliman"]
[Black "Hoareau, Benjamin"]
[Result "1-0"]
[WhiteElo "1884"]
[BlackElo "1875"]
[WhiteTeam "Gambia"]
[BlackTeam "Seychelles"]
[WhiteFideId "21100063"]
[BlackFideId "9800069"]
[EventDate "2014.08.02"]

1. e4 b5 2. Bxb5 Bb7 3. Nc3 f5 4. d3 e5 5. Nf3 c6 6. Bc4 Qf6 7. O-O f4 8. d4 d6
9. dxe5 dxe5 10. Ne1 h5 11. Nd3 Nd7 12. Bxg8 Rxg8 13. Qxh5+ g6 14. Qf3 Nc5 15.
Nxc5 Bxc5 16. Na4 Bf8 17. Qb3 Rg7 18. Bd2 Rd8 19. Ba5 Rd4 20. Rad1 Rgd7 21. Rxd4
exd4 22. f3 Qg5 23. Bb4 c5 24. Bd2 Qf6 25. Re1 Bd6 26. Qg8+ Ke7 27. e5 Bxe5 28.
Nxc5 Rc7 29. Nd3 Bxf3 30. Rxe5+ Kd6 31. Bb4+ Kc6 32. Re6+ Qxe6 33. Qxe6+ Kb5 34.
a4+ Kxa4 35. Qa6# 1-0

[Event "Olimpiade 2014 - Open"]
[Site "Tromsø"]
[Date "08.08.2014"]
[Round "6.72"]
[Board "1"]
[White "Holland, Christopher"]
[Black "Mooney, Graham"]
[Result "1-0"]
[WhiteElo "2270"]
[BlackElo "1880"]
[WhiteTeam "Guernsey"]
[BlackTeam "Jersey"]
[WhiteFideId "10700072"]
[BlackFideId "15600106"]
[EventDate "2014.08.02"]

1. e4 c5 2. Nf3 Nc6 3. d3 g6 4. g3 Bg7 5. Bg2 d6 6. O-O Bg4 7. h3 Bd7 8. Na3 Rb8
9. Nh4 Nf6 10. f4 O-O 11. Nc4 d5 12. exd5 Nb4 13. c3 Nbxd5 14. Ne5 b5 15. g4 Be8
16. Nhf3 b4 17. c4 Nb6 18. b3 Rc8 19. Bb2 h5 20. Qe2 a5 21. Rad1 hxg4 22. hxg4
Qc7 23. d4 Nbd7 24. d5 Nh7 25. Nc6 Ndf6 26. Nxe7+ Kh8 27. d6 Qd7 28. Ne5 Qd8 29.
Nxc8 Qxc8 30. Bf3 Kg8 31. Rf2 Nd7 32. Nc6 Kh8 33. Ne7 Qd8 34. Rh2 Nf6 35. g5 Nh5
36. Bxh5 1-0

[Event "Olimpiade 2014 - Open"]
[Site "Tromsø"]
[Date "08.08.2014"]
[Round "6.72"]
[Board "2"]
[White "Wojciechowski, Paul"]
[Black "Hamperl, Fred"]
[Result "0-1"]
[WhiteTitle "CM"]
[BlackTitle "FM"]
[WhiteElo "2056"]
[BlackElo "2119"]
[WhiteTeam "Jersey"]
[BlackTeam "Guernsey"]
[WhiteFideId "15600017"]
[BlackFideId "10700110"]
[EventDate "2014.08.02"]

1. e4 c5 2. Nf3 Nc6 3. Nc3 e5 4. Bc4 Be7 5. d3 Nf6 6. O-O O-O 7. g3 d6 8. Nh4
Bh3 9. Ng2 Nd4 10. f3 Qd7 11. Rf2 b5 12. Bd5 Rac8 13. Ne3 Be6 14. Ne2 Bxd5 15.
exd5 Bd8 16. c4 bxc4 17. dxc4 Re8 18. b3 e4 19. Nxd4 cxd4 20. Qxd4 Bb6 21. Qc3
exf3 22. Rxf3 Nxd5 23. Qd3 Nb4 24. Qc3 Qb7 25. Kg2 Bxe3 26. Bxe3 Nd5 27. Qd4
Nxe3+ 28. Kf2 Nc2 0-1

[Event "Olimpiade 2014 - Open"]
[Site "Tromsø"]
[Date "08.08.2014"]
[Round "6.72"]
[Board "3"]
[White "Brookfield, Toby"]
[Black "Kahn, Tito"]
[Result "1/2-1/2"]
[WhiteTitle "CM"]
[WhiteElo "1889"]
[BlackElo "2000"]
[WhiteTeam "Guernsey"]
[BlackTeam "Jersey"]
[WhiteFideId "10700234"]
[BlackFideId "15600084"]
[EventDate "2014.08.02"]

1. e4 c5 2. Nf3 e6 3. d4 cxd4 4. Nxd4 a6 5. Bd3 Qc7 6. O-O Nf6 7. Qe2 d6 8. c4
Nc6 9. Nxc6 bxc6 10. f4 e5 11. f5 Be7 12. Nc3 Bb7 13. Kh1 h5 14. Bd2 Ng4 15. b4
Qb6 16. Rab1 Qa7 17. b5 Rc8 18. b6 Qa8 19. h3 Nf6 20. Qf3 Nd7 21. Qg3 Bf6 22. h4
Rb8 23. Be2 a5 24. Bg5 Nc5 25. Rfd1 Rd8 26. Be3 Na6 27. a3 Rd7 28. Qf2 Qd8 29.
g3 Be7 30. Kh2 Qa8 31. Rd2 f6 32. Rbd1 c5 33. Nb5 Bxe4 34. Nxd6+ Bxd6 35. Rxd6
Rxd6 36. Rxd6 Qc8 37. Re6+ Kf7 38. g4 hxg4 39. Bxg4 Qb7 40. Kg3 Rd8 41. Bh5+ Kg8 1/2-1/2

[Event "Olimpiade 2014 - Open"]
[Site "Tromsø"]
[Date "08.08.2014"]
[Round "6.74"]
[Board "1"]
[White "Masrhi, Abdulrahman A"]
[Black "Ferster, Fabian"]
[Result "0-1"]
[BlackTitle "CM"]
[WhiteElo "1746"]
[BlackElo "2137"]
[WhiteTeam "Saudi Arabia"]
[BlackTeam "Liechtenstein"]
[WhiteFideId "21501564"]
[BlackFideId "4695330"]
[EventDate "2014.08.02"]

1. d4 d6 2. Bf4 g6 3. Nf3 Bg7 4. e3 Nd7 5. h3 e5 6. Bh2 Qe7 7. Be2 Ngf6 8. c4
Ne4 9. O-O O-O 10. Nc3 Nxc3 11. bxc3 b6 12. a4 a5 13. e4 exd4 14. Nxd4 Nc5 15.
Re1 Bb7 16. f3 f5 17. exf5 Qe3+ 18. Kh1 Qxc3 19. fxg6 Qxd4 20. gxh7+ Kxh7 21.
Qc2+ Kg8 22. Rad1 Qc3 23. Qb1 Rae8 0-1

[Event "Olimpiade 2014 - Open"]
[Site "Tromsø"]
[Date "08.08.2014"]
[Round "6.74"]
[Board "2"]
[White "Kobler, Mario"]
[Black "Al Habeeb, Emad"]
[Result "1-0"]
[WhiteElo "2113"]
[BlackElo "2044"]
[WhiteTeam "Liechtenstein"]
[BlackTeam "Saudi Arabia"]
[WhiteFideId "12000094"]
[BlackFideId "21500029"]
[EventDate "2014.08.02"]

1. c4 e6 2. Nf3 Nf6 3. g3 d5 4. d4 Bb4+ 5. Bd2 Bxd2+ 6. Nbxd2 Nc6 7. Bg2 Ne4 8.
O-O O-O 9. Rc1 f5 10. e3 Qe7 11. a3 a5 12. Ne1 Bd7 13. Nd3 Be8 14. Nf4 g5 15.
cxd5 Nxd4 16. Nxe4 gxf4 17. Qxd4 fxe4 18. Qxe4 fxe3 19. Qxe3 e5 20. Rfe1 Qf6 21.
Rxc7 Bg6 22. Bh3 Bf5 23. Bxf5 Qxf5 24. Re7 Rae8 25. d6 b5 26. Rxe8 Rxe8 27. Qb3+
Qe6 28. Qxb5 Rd8 29. Qxe5 Qxd6 30. Qg5+ Kf7 31. Qxa5 Rb8 32. b4 Qd4 33. Qe5 Qxe5
34. Rxe5 Rc8 35. Ra5 Kg7 36. b5 Rc3 37. b6 Kf6 38. Rb5 Rc8 39. b7 Rb8 40. Rb6+
Ke7 41. Rh6 Kf7 42. a4 Kg7 43. Rb6 1-0

[Event "Olimpiade 2014 - Open"]
[Site "Tromsø"]
[Date "08.08.2014"]
[Round "6.74"]
[Board "3"]
[White "Al Mutairi, Hassan S"]
[Black "Mannhart, Marcel"]
[Result "0-1"]
[BlackTitle "CM"]
[WhiteElo "2075"]
[BlackElo "2105"]
[WhiteTeam "Saudi Arabia"]
[BlackTeam "Liechtenstein"]
[WhiteFideId "21500193"]
[BlackFideId "12000108"]
[EventDate "2014.08.02"]

1. d4 g6 2. Nf3 Bg7 3. Bf4 d6 4. e3 Nd7 5. Be2 e5 6. Bg3 Qe7 7. c4 Nh6 8. Nc3 c6
9. h3 O-O 10. O-O f6 11. b4 Nf7 12. a4 Rd8 13. a5 Nf8 14. b5 f5 15. a6 g5 16.
Qb3 f4 17. Bh2 Be6 18. bxc6 bxc6 19. Qb7 Qd7 20. Qxd7 Bxd7 21. Rfb1 Ne6 22. d5
Nc5 23. dxc6 Bxc6 24. Nb5 Rd7 25. Ra2 Rb8 26. Rd1 Rb6 27. Nxg5 Nxg5 28. exf4 Nf7
29. fxe5 dxe5 30. Rxd7 Bxd7 31. f4 Rxa6 32. Rxa6 Nxa6 33. Nxa7 exf4 34. Nb5 Be5
35. Bf3 Kg7 36. Kf2 Ng5 37. Bd5 Nb4 38. h4 Nxd5 39. hxg5 Ne3 40. Na3 Ng4+ 41.
Kg1 Bc6 42. Nc2 Nxh2 43. Kxh2 f3+ 0-1

[Event "Olimpiade 2014 - Open"]
[Site "Tromsø"]
[Date "08.08.2014"]
[Round "6.75"]
[Board "1"]
[White "Suni, Syairazi"]
[Black "Fancy, Stuart"]
[Result "1/2-1/2"]
[BlackTitle "FM"]
[WhiteElo "1860"]
[BlackElo "2036"]
[WhiteTeam "Brunei"]
[BlackTeam "Papua New Guinea"]
[WhiteFideId "10500189"]
[BlackFideId "9100024"]
[EventDate "2014.08.02"]

1. e4 c5 2. Nf3 Nc6 3. d4 cxd4 4. Nxd4 Nf6 5. Nc3 e5 6. Ndb5 d6 7. Bg5 a6 8. Na3
b5 9. Nd5 Be6 10. c3 Bxd5 11. Bxf6 Qxf6 12. Qxd5 Rc8 13. Be2 Qe6 14. Qxe6+ fxe6
15. Nc2 g6 16. O-O h5 17. a4 Nd4 18. Nxd4 exd4 19. cxd4 bxa4 20. Bxa6 Rc2 21.
Rxa4 Rxb2 22. Rc1 Be7 23. Rac4 O-O 24. f3 Bg5 25. Rd1 Be3+ 26. Kh1 Kf7 27. e5
dxe5 28. dxe5 Rd8 29. Rc7+ Ke8 30. Rc8 Rxc8 31. Bxc8 Ke7 32. g3 g5 33. Rd7+ Ke8
34. Rd3 Rb1+ 35. Kg2 Rb2+ 36. Kf1 Ba7 37. h3 Rf2+ 38. Ke1 Rg2 39. f4 Bf2+ 40.
Kf1 Rxg3 41. Rxg3 Bxg3 42. fxg5 Ke7 43. Kg2 Bxe5 44. Kf3 Kf7 45. g6+ 1/2-1/2

[Event "Olimpiade 2014 - Open"]
[Site "Tromsø"]
[Date "08.08.2014"]
[Round "6.75"]
[Board "2"]
[White "Marko, Helmut"]
[Black "Izzuddin, Zain"]
[Result "0-1"]
[WhiteTitle "CM"]
[WhiteElo "1953"]
[BlackElo "1933"]
[WhiteTeam "Papua New Guinea"]
[BlackTeam "Brunei"]
[WhiteFideId "9100032"]
[BlackFideId "10500677"]
[EventDate "2014.08.02"]

1. e4 e5 2. Nf3 Nf6 3. Nc3 Nc6 4. Bc4 Nxe4 5. Nxe4 d5 6. Bxd5 Qxd5 7. Nc3 Qd8 8.
h3 Bc5 9. O-O O-O 10. d3 Be6 11. Be3 Be7 12. Qd2 f6 13. a3 Qe8 14. Kh1 Rd8 15.
Qe2 Qf7 16. Rfe1 Rfe8 17. Ne4 b6 18. Rad1 Qg6 19. Nh4 Qf7 20. Nf3 a5 21. Nc3 Rd7
22. Rd2 Red8 23. Rdd1 Qe8 24. Rd2 Bc5 25. Ne4 Be7 26. Nc3 Bd6 27. Ne4 f5 28.
Nxd6 cxd6 29. Bxb6 Rb8 30. Be3 Bf7 31. Rdd1 Rxb2 32. Bc1 Ra2 33. Rd2 Rb7 34. c4
Rxd2 35. Qxd2 Qb8 36. Qc2 Bh5 37. Nd2 Nd4 38. Qc3 a4 39. Qa5 Ra7 40. Qc3 Qb6 41.
f4 Ne2 42. Qc2 Nxf4 43. c5 Qc6 44. Nc4 Nxg2 45. Nxe5 dxe5 46. Qa2+ Bf7 47. Qxg2
Bd5 0-1

[Event "Olimpiade 2014 - Open"]
[Site "Tromsø"]
[Date "08.08.2014"]
[Round "6.75"]
[Board "3"]
[White "Kamis, Kamarunsalehin"]
[Black "Jones, Rupert"]
[Result "1-0"]
[BlackTitle "FM"]
[WhiteElo "1977"]
[BlackElo "1899"]
[WhiteTeam "Brunei"]
[BlackTeam "Papua New Guinea"]
[WhiteFideId "10500170"]
[BlackFideId "9100121"]
[EventDate "2014.08.02"]

1. d4 Nf6 2. c4 e6 3. Nc3 Bb4 4. e3 O-O 5. Ne2 d5 6. a3 Be7 7. cxd5 exd5 8. Nf4
c6 9. Bd3 Nbd7 10. O-O Nb6 11. b4 Nc4 12. e4 Be6 13. e5 Nd7 14. Nh5 Re8 15. Nxg7
Kxg7 16. Qh5 Rh8 17. Bh6+ Kg8 18. f4 Bf8 19. Rf3 Bxh6 20. Qxh6 Bg4 21. Rg3 f5
22. Bxf5 1-0

[Event "Olimpiade 2014 - Open"]
[Site "Tromsø"]
[Date "08.08.2014"]
[Round "6.76"]
[Board "1"]
[White "Sanon, Mondoly"]
[Black "Huguet, Sergio"]
[Result "0-1"]
[BlackTitle "FM"]
[WhiteElo "2012"]
[BlackElo "2055"]
[WhiteTeam "Haiti"]
[BlackTeam "Honduras"]
[WhiteFideId "11900059"]
[BlackFideId "2212552"]
[EventDate "2014.08.02"]

1. d4 Nf6 2. Bg5 g6 3. Nc3 Bg7 4. Nf3 d5 5. e3 O-O 6. Bd3 c6 7. O-O Nbd7 8. Qd2
h6 9. Bh4 g5 10. Bg3 Nh5 11. Be5 f6 12. Bg3 Nxg3 13. hxg3 f5 14. Ne2 e5 15. dxe5
Nxe5 16. Nxe5 Bxe5 17. c4 Be6 18. Qc2 Qf6 19. Rab1 dxc4 20. Bxc4 Qf7 21. Bxe6
Qxe6 22. b3 Rad8 23. Rfd1 Bf6 24. Rxd8 Rxd8 25. Rd1 Rd5 26. Rxd5 Qxd5 27. f3 Kg7
28. g4 fxg4 29. fxg4 Qe6 30. Kf2 Qxg4 31. Ng3 Be5 32. Nf5+ Kf6 33. e4 Qf4+ 34.
Ke2 Qg4+ 35. Kd3 h5 36. Kc4 h4 37. Qd3 Ke6 38. Kc5 Qxg2 39. Ne3 Qf2 40. Kb4 Qe1+
41. Kc4 Qa5 0-1

[Event "Olimpiade 2014 - Open"]
[Site "Tromsø"]
[Date "08.08.2014"]
[Round "6.76"]
[Board "2"]
[White "Medina Viana, Ricardo"]
[Black "Luxama, Jacques Muller"]
[Result "0-1"]
[WhiteTitle "CM"]
[WhiteElo "2063"]
[BlackElo "1893"]
[WhiteTeam "Honduras"]
[BlackTeam "Haiti"]
[WhiteFideId "8400342"]
[BlackFideId "11900113"]
[EventDate "2014.08.02"]

1. d4 d5 2. e3 Nf6 3. Bd3 e6 4. f4 Bd6 5. Nf3 c5 6. c3 O-O 7. O-O Nc6 8. Ne5 c4
9. Bc2 Ne4 10. Bxe4 dxe4 11. Nxc4 Bc7 12. Bd2 f5 13. Be1 Kh8 14. Qh5 Bd7 15. Bh4
Qc8 16. Nbd2 Be8 17. Qd1 Qd7 18. Nb3 b6 19. Ne5 Nxe5 20. dxe5 Qf7 21. Nd4 h6 22.
Qb3 Bd7 23. Rad1 a6 24. Rd2 Rg8 25. Rfd1 g5 26. Bg3 Bc8 27. Rf2 Qg6 28. Rfd2 h5
29. fxg5 Qxg5 30. Nxe6 Qxe3+ 31. Bf2 Qf3 32. Bg3 Qe3+ 33. Kh1 Bxe6 34. Qxe6 Qg5
35. Bh4 Rg6 36. Qf7 Rg7 37. Bxg5 Rxf7 38. Bf6+ Kh7 39. Rd7 Rf8 40. e6 Rxd7 41.
Rxd7+ Kg6 42. Be7 Rc8 43. Kg1 b5 44. Bh4 Bf4 45. e7 Re8 46. Ra7 Be3+ 47. Bf2
Bxa7 48. Bxa7 Rxe7 49. Be3 Kf6 50. Kf2 Ke5 51. g3 Kd5 52. Bd4 b4 53. Ke3 bxc3
54. Bxc3 Kc4 55. Bf6 Rd7 56. Ke2 Rd3 57. Bg5 a5 58. Bf6 a4 59. Be7 Rf3 60. Bg5
Rd3 61. Bf6 Kd5 62. Bg5 Ke5 63. Be3 Kf6 64. Bf4 Kg6 65. h4 Rd5 66. Ke1 Kf6 67.
Be3 Rd3 68. Bf4 Ke6 69. Ke2 Kd5 0-1

[Event "Olimpiade 2014 - Open"]
[Site "Tromsø"]
[Date "08.08.2014"]
[Round "6.77"]
[Board "1"]
[White "Van Rensselaer, William"]
[Black "De Mey, Juan Pablo"]
[Result "0-1"]
[WhiteTitle "FM"]
[BlackTitle "FM"]
[WhiteElo "1908"]
[BlackElo "1937"]
[WhiteTeam "US Virgin Isles"]
[BlackTeam "Aruba"]
[WhiteFideId "6800165"]
[BlackFideId "15900312"]
[EventDate "2014.08.02"]

1. c4 f5 2. Nc3 Nf6 3. Nf3 e6 4. g3 Be7 5. Bg2 O-O 6. O-O d6 7. d3 c6 8. b4 Qe8
9. b5 c5 10. a4 Nbd7 11. a5 Rb8 12. Ng5 Ne5 13. f4 Neg4 14. h3 Nh6 15. Be3 Nh5
16. Kh2 Qg6 17. Qe1 e5 18. Nd5 Bd8 19. Bf3 Kh8 20. Rg1 Nf6 21. fxe5 Nxd5 22.
Nxh7 Qxh7 23. cxd5 Ng4+ 24. Bxg4 fxg4 25. h4 b6 26. axb6 Bxb6 27. exd6 Bd7 28.
Qb1 Rbe8 29. Qc1 Qf5 30. Qd2 Qxd5 31. Bf4 c4 0-1

[Event "Olimpiade 2014 - Open"]
[Site "Tromsø"]
[Date "08.08.2014"]
[Round "6.77"]
[Board "2"]
[White "Seijp V/d, Quintin"]
[Black "Massana, Jorge"]
[Result "0-1"]
[BlackTitle "CM"]
[WhiteElo "1883"]
[BlackElo "2180"]
[WhiteTeam "Aruba"]
[BlackTeam "US Virgin Isles"]
[WhiteFideId "15900428"]
[BlackFideId "3100073"]
[EventDate "2014.08.02"]

1. e4 e6 2. d4 d5 3. e5 c5 4. c3 Qb6 5. Nf3 Bd7 6. a3 Bb5 7. Be2 Bxe2 8. Qxe2
Qa6 9. Qxa6 Nxa6 10. b4 cxd4 11. cxd4 Ne7 12. b5 Nc7 13. a4 Nc8 14. Ba3 a6 15.
Bd6 Kd7 16. Bxc7 Kxc7 17. Nbd2 axb5 18. Rc1+ Kb6 19. axb5 Be7 20. O-O Ra2 21.
Nb1 Na7 22. Nc3 Ra5 23. Rc2 h6 24. Rb1 Rc8 25. Ne1 Rc4 26. Nf3 Nxb5 27. Nd2 Rb4
28. Rcb2 Rxb2 29. Rxb2 Ka6 30. Nxb5 Rxb5 31. Rxb5 Kxb5 32. Kf1 Bb4 33. Nf3 Bc3
34. Ke2 Kc4 35. Ke3 b5 0-1

[Event "Olimpiade 2014 - Open"]
[Site "Tromsø"]
[Date "08.08.2014"]
[Round "6.77"]
[Board "3"]
[White "Creswell, Reece"]
[Black "Bueno, Mark"]
[Result "0-1"]
[WhiteElo "1645"]
[BlackElo "1828"]
[WhiteTeam "US Virgin Isles"]
[BlackTeam "Aruba"]
[WhiteFideId "6800262"]
[BlackFideId "15900371"]
[EventDate "2014.08.02"]

1. e4 Nf6 2. e5 Nd5 3. Bc4 Nb6 4. Bb3 d5 5. d4 a5 6. c3 Bf5 7. Ne2 e6 8. Ng3 Bg6
9. O-O a4 10. Bc2 c5 11. Be3 N8d7 12. Nd2 cxd4 13. cxd4 Be7 14. Nf3 O-O 15. Bxg6
hxg6 16. Rc1 Rc8 17. Ne2 Nb8 18. a3 Rxc1 19. Bxc1 Qd7 20. Nc3 Rc8 21. Qe1 Nc4
22. Qd1 b5 23. Na2 Qc6 24. b4 axb3 25. Qxb3 Na5 26. Qd3 Qc4 27. Qxc4 bxc4 28.
Nc3 Nb3 29. Bb2 Nc6 30. Nb5 Rb8 31. a4 Ra8 32. Nd6 Rxa4 33. h3 Ra2 34. Bc3 Rc2
35. Ba1 Bd8 36. Nb7 Ba5 37. Nxa5 Ncxa5 38. g3 Nc6 39. Kg2 Na7 40. Rd1 Nb5 41.
Ne1 Ra2 42. Nf3 Rxa1 0-1

[Event "Olimpiade 2014 - Open"]
[Site "Tromsø"]
[Date "08.08.2014"]
[Round "6.77"]
[Board "4"]
[White "Pesqueira, Jose"]
[Black "Mongiello, Anthony"]
[Result "1-0"]
[WhiteTitle "CM"]
[WhiteElo "1969"]
[BlackElo "1580"]
[WhiteTeam "Aruba"]
[BlackTeam "US Virgin Isles"]
[WhiteFideId "15900037"]
[BlackFideId "6800173"]
[EventDate "2014.08.02"]

1. d4 d5 2. Nf3 Nf6 3. Bg5 e6 4. e3 Bd6 5. Nbd2 Nbd7 6. c4 b6 7. cxd5 exd5 8.
Bb5 c6 9. Bxc6 Rb8 10. Bxd5 Bb7 11. Bxb7 Rxb7 12. O-O O-O 13. Ne4 Be7 14. Nxf6+
Nxf6 15. Qd3 Qd5 16. Rfc1 Ne4 17. Bxe7 Rxe7 18. b3 Rfe8 19. Rc2 Re6 20. Rac1 Nd6
21. b4 Rg6 22. Ne1 Rge6 23. g3 Nb5 24. Ng2 g5 25. a4 Nd6 26. a5 bxa5 27. Rc5 Qe4
28. Rxg5+ Kf8 29. Qxe4 Nxe4 30. Rxa5 a6 31. Nf4 Rd6 32. Rc2 Rb8 33. Nd3 Rdb6 34.
f3 Nd6 35. Kf2 f6 36. Rc7 Nb5 37. Rxh7 Kg8 38. Rd7 Rc8 39. Nc5 Ra8 40. g4 Nd6
41. Nd3 Rc6 42. Rc5 Rxc5 43. bxc5 Nc8 44. Rb7 a5 45. Rb2 Ne7 46. e4 a4 47. d5 a3
48. Ra2 Kf7 49. Kg3 Ra4 50. h4 Ng6 51. c6 Ne7 52. Ne1 Nc8 53. Nc2 Ke7 54. Rxa3
Rxa3 55. Nxa3 Nd6 56. Nc2 Nf7 57. Ne3 Nd6 58. Nf5+ Nxf5+ 59. gxf5 1-0

[Event "Olimpiade 2014 - Open"]
[Site "Tromsø"]
[Date "08.08.2014"]
[Round "6.78"]
[Board "1"]
[White "Ndikumana, Yves"]
[Black "Ahmed, Ashraf"]
[Result "0-1"]
[BlackTitle "FM"]
[WhiteElo "2030"]
[BlackElo "1817"]
[WhiteTeam "Burundi"]
[BlackTeam "Maldives"]
[WhiteFideId "20300018"]
[BlackFideId "16700031"]
[EventDate "2014.08.02"]

1. d4 d5 2. Nf3 Nf6 3. g3 e6 4. Bg2 c5 5. c3 Nc6 6. b3 Be7 7. O-O O-O 8. Bg5 h6
9. Bxf6 Bxf6 10. Nbd2 Qa5 11. Nb1 Bd7 12. e3 Rac8 13. Qd2 a6 14. Rc1 Na7 15. Ne5
Bxe5 16. dxe5 Qc7 17. f4 b5 18. Bf1 Bc6 19. Bd3 Bb7 20. Qf2 c4 21. bxc4 dxc4 22.
Bf1 Rcd8 23. Nd2 Qc6 24. e4 Rd7 25. Bg2 Rfd8 26. Nf3 Qxe4 27. Qxa7 Rd2 28. Qxb7
Rxg2+ 29. Kxg2 Qxb7 30. Kf2 Rd3 31. Nd4 Qe4 32. Re1 Rd2+ 33. Re2 Rxe2+ 34. Nxe2
Qc2 35. g4 a5 36. h4 b4 37. cxb4 axb4 38. a4 b3 39. Rc1 Qxc1 40. Nxc1 b2 0-1

[Event "Olimpiade 2014 - Open"]
[Site "Tromsø"]
[Date "08.08.2014"]
[Round "6.78"]
[Board "3"]
[White "Ntagasigumwami, Deo"]
[Black "Ibarhim, Firaq"]
[Result "1-0"]
[WhiteElo "1817"]
[BlackElo "1532"]
[WhiteTeam "Burundi"]
[BlackTeam "Maldives"]
[WhiteFideId "20300034"]
[BlackFideId "16700120"]
[EventDate "2014.08.02"]

1. d4 d5 2. Nf3 Nf6 3. h3 e6 4. Bf4 c5 5. e3 Nc6 6. c3 Bd6 7. Be5 Bxe5 8. dxe5
Nd7 9. Bb5 O-O 10. Bxc6 bxc6 11. O-O Qc7 12. Qa4 c4 13. Nbd2 Nc5 14. Qa3 Nd3 15.
b3 cxb3 16. axb3 Nxe5 17. Qc5 Nxf3+ 18. Nxf3 Bd7 19. b4 Rfb8 20. Ra5 e5 21. Rd1
Rb7 22. Qe7 Re8 23. Qc5 Qb6 24. Rda1 Qxc5 25. Rxc5 f6 26. Nd2 Ra8 27. Nb3 Rb6
28. Rca5 a6 29. Nc5 Bc8 30. f3 Kf7 31. Kf2 Ke7 32. Ke2 Ra7 33. Kd2 g6 34. R5a3
Rb8 35. Nb3 f5 36. Na5 Kd6 37. Nb3 h6 38. Nc5 Rb6 39. Na4 Rb8 40. Nc5 g5 41. g4
f4 42. exf4 gxf4 43. Re1 Rb5 44. Nd3 Re7 45. h4 a5 46. bxa5 Ba6 47. Nb4 Ra7 48.
h5 Rbb7 49. Nxa6 Rxa6 50. Kc2 Re7 51. Kd3 c5 52. c4 Rea7 53. Rb3 Rc6 54. Rb5 d4
55. Reb1 Ra8 56. Ke4 Ra7 57. R1b3 Ra8 58. Ra3 Ra7 59. Rb8 Rca6 60. Rh8 Rxa5 61.
Rxh6+ Kc7 62. Rh7+ Kb6 63. Rxa7 Rxa7 64. Rxa7 Kxa7 1-0

[Event "Olimpiade 2014 - Open"]
[Site "Tromsø"]
[Date "08.08.2014"]
[Round "6.79"]
[Board "1"]
[White "Kabera, Godfrey"]
[Black "Mesfin, Leykun"]
[Result "0-1"]
[WhiteTitle "CM"]
[WhiteElo "1909"]
[BlackElo "2131"]
[WhiteTeam "Rwanda"]
[BlackTeam "Ethiopia"]
[WhiteFideId "16000080"]
[BlackFideId "15700097"]
[EventDate "2014.08.02"]

1. d4 Nf6 2. c4 g6 3. Nc3 Bg7 4. e4 d6 5. Nf3 O-O 6. Bd3 e5 7. d5 a6 8. h3 h6 9.
Be3 c6 10. Qd2 Kh7 11. g4 cxd5 12. cxd5 Ng8 13. g5 h5 14. Nh4 Nd7 15. Ne2 Nc5
16. Bc2 f6 17. Ng3 fxg5 18. Bxg5 Bf6 19. Nf3 b5 20. O-O-O Bd7 21. Rdg1 Rc8 22.
Kb1 Kh8 23. Bh6 Rf7 24. Nf1 Be7 25. N1h2 Rh7 26. Bg5 Be8 27. Bxe7 Qxe7 28. Ng5
Rg7 29. Nhf3 Qf6 30. Rg3 Rgc7 31. Rc1 Qf4 32. Qxf4 exf4 33. Rgg1 Nf6 34. Nd4
Nfd7 35. Nde6 Nxe6 36. Nxe6 Rc4 37. Nxf4 Ne5 38. Rg3 g5 39. Rxg5 Nf3 40. Ng6+
Bxg6 41. Rxg6 Nd2+ 42. Ka1 Rxc2 43. Rxc2 Rxc2 44. a3 Nxe4 45. f3 Kh7 46. Re6 Ng5
47. Rxd6 Nxh3 48. Rxa6 Rd2 49. d6 Nf4 50. Rb6 h4 51. Rxb5 h3 52. Rb7+ Kg6 53.
Re7 Rd1+ 54. Ka2 h2 55. Re4 Kf5 56. d7 h1=Q 57. Rb4 Ra1+ 58. Kb3 Qd1+ 59. Kc4
Rc1+ 60. Kb5 Qxd7+ 0-1

[Event "Olimpiade 2014 - Open"]
[Site "Tromsø"]
[Date "08.08.2014"]
[Round "6.80"]
[Board "1"]
[White "Mdoe, Yusuf"]
[Black "Bacchas, Clevert"]
[Result "0-1"]
[BlackTitle "CM"]
[WhiteElo "1707"]
[BlackElo "1948"]
[WhiteTeam "Tanzania"]
[BlackTeam "Bermuda"]
[WhiteFideId "10002235"]
[BlackFideId "8800758"]
[EventDate "2014.08.02"]

1. e4 c5 2. Nf3 d6 3. d4 cxd4 4. Nxd4 Nf6 5. Nc3 a6 6. Be2 e6 7. O-O Be7 8. Re1
O-O 9. b3 Nbd7 10. Bb2 Qc7 11. Nf3 b5 12. Bxb5 axb5 13. Nxb5 Qb8 14. a4 Bb7 15.
Nd2 Nc5 16. f3 d5 17. exd5 Nxd5 18. Nc4 Rd8 19. Qe2 Ba6 20. Nca3 Bf6 21. Bxf6
Nxf6 22. Qe3 Ncd7 23. c4 e5 24. Nc2 e4 25. Nb4 Bb7 26. c5 Nd5 27. Nxd5 Bxd5 28.
fxe4 Bc6 29. Nd4 Ne5 30. Nxc6 Nxc6 31. Rad1 Qb4 32. Rd5 Ne7 33. Rxd8+ Rxd8 34.
Rc1 Nc6 35. h3 Rd4 36. e5 Re4 37. Qc3 Kf8 38. Qd3 Re1+ 39. Rxe1 Qxe1+ 40. Qf1
Qe3+ 41. Qf2 Qxb3 42. Qd2 Qxa4 43. Qd6+ Ne7 44. Kf2 Qc6 45. Ke3 Ke8 46. g4 Qxd6
47. exd6 Nc6 48. Ke4 Kd7 49. Kd5 f6 50. h4 g6 51. Ke4 Ke6 52. g5 f5+ 53. Kf4 Kd5
54. h5 Kxc5 55. hxg6 hxg6 56. d7 Kd4 57. Kg3 Ke5 0-1

[Event "Olimpiade 2014 - Open"]
[Site "Tromsø"]
[Date "08.08.2014"]
[Round "6.80"]
[Board "3"]
[White "Mlawa, Hemed"]
[Black "Cooper, Gary"]
[Result "1/2-1/2"]
[WhiteElo "1799"]
[BlackElo "1844"]
[WhiteTeam "Tanzania"]
[BlackTeam "Bermuda"]
[WhiteFideId "10002251"]
[BlackFideId "8800022"]
[EventDate "2014.08.02"]

1. e4 c5 2. Nf3 d6 3. d4 cxd4 4. Nxd4 Nf6 5. Nc3 a6 6. Bc4 e6 7. Bb3 b5 8. f3 b4
9. Na4 Bd7 10. c3 Nc6 11. O-O Rb8 12. Be3 Be7 13. Rc1 O-O 14. cxb4 Nxd4 15. Qxd4
e5 16. Qd1 Rxb4 17. Nc3 Qb8 18. Kh1 Bd8 19. Qd2 Bb6 20. Bg5 Rd4 21. Qe1 Bd8 22.
Be3 Rb4 23. Qg3 Bb5 24. Bh6 Ne8 25. Rfd1 Rd4 26. Be3 Rxd1+ 27. Rxd1 Kh8 28. Qf2
Bd7 29. Qd2 Be6 30. Ba4 Ba5 31. a3 Bc7 32. b4 Nf6 33. Qd3 Bc8 34. Bg5 Bb7 35.
Bxf6 gxf6 36. Nd5 Bxd5 37. Qxd5 Qb6 38. Qc6 Rd8 39. Qxb6 Bxb6 40. Bc6 Bd4 41. a4
Rb8 42. b5 axb5 43. axb5 Kg7 44. Rd2 Kf8 45. Ra2 Ke7 46. g4 h6 47. Ra8 Rxa8 48.
Bxa8 Kd8 49. Bd5 Kc7 50. Bxf7 Kb6 51. Be8 Be3 52. Kg2 Bg5 53. Kf2 Kc5 54. Ke2
Bf4 55. h3 Bg5 56. Kd3 Bf4 57. Bc6 Bg5 58. Ke2 Bf4 59. Kf2 Kb6 60. Kg2 Kc5 61.
h4 Kb6 62. Kh3 Kc5 63. g5 fxg5 64. h5 Be3 65. Kg4 Kc4 1/2-1/2